Welcome to CU Library Online Public Access Catalogue (OPAC)

6 MODERN MYTHS; (Record no. 6542)

MARC details
000 -LEADER
fixed length control field 00407nam a22001457a 4500
005 - DATE AND TIME OF LATEST TRANSACTION
control field 20250617115752.0
008 - FIXED-LENGTH DATA ELEMENTS--GENERAL INFORMATION
fixed length control field 250617b |||||||| |||| 00| 0 eng d
020 ## - INTERNATIONAL STANDARD BOOK NUMBER
International Standard Book Number 9780851116594
050 ## - LIBRARY OF CONGRESS CALL NUMBER
Classification number BR115
Item number .C SAM
100 ## - MAIN ENTRY--PERSONAL NAME
Personal name SAMPSON J. PHILIP
245 ## - TITLE STATEMENT
Title 6 MODERN MYTHS;
Remainder of title A BOUT CHRISTIANITY AND WESTERN CIVILIZATION
260 ## - PUBLICATION, DISTRIBUTION, ETC.
Place of publication, distribution, etc. ILLINOIS
Name of publisher, distributor, etc. INTERVARSITY PRESS
Date of publication, distribution, etc. c2001
300 ## - PHYSICAL DESCRIPTION
Extent 197p
942 ## - ADDED ENTRY ELEMENTS (KOHA)
Source of classification or shelving scheme Library of Congress Classification
Koha item type Books
Suppress in OPAC No
999 ## -
-- 6542
-- 6542
Holdings
Withdrawn status Lost status Source of classification or shelving scheme Damaged status Not for loan Collection Home library Current library Shelving location Date acquired Total checkouts Full call number Barcode Date last seen Copy number Price effective from Koha item type
    Library of Congress Classification     Non-fiction Undergraduate Library (Christ Temple) Undergraduate Library (Christ Temple) General stacks 06/17/2025   BR115.C5 SAM ulct00003393 06/17/2025 1 06/17/2025 Books
© 2023-2024 Copyright: Central University Libraries. All Rights Reserved | Created by: Mahone Tech Office